| 000 | 00367nam a2200133Ia 4500 | ||
|---|---|---|---|
| 008 | 191014s9999 xx 000 0 und d | ||
| 020 | _a0-333-23609-2 | ||
| 082 |
_a358.4 _bFEU |
||
| 100 |
_aE.J.Feucht Wanger & R.A.Mason _920495 |
||
| 245 | 0 | _aAir Power in the Next Generation | |
| 260 |
_aGreat Britain _bUnwin Brothers _c1979 |
||
| 300 | _aXvi,1151 | ||
| 942 | _cBK | ||
| 999 |
_c531082 _d531082 |
||